00418nam a2200157Ia 450000500170000000800410001702000150005808200130007310000140008624500600010026000400016030000190020065000190021965000080023865000140024620240830055131.0240331s9999 xx 000 0 und d a8173040567 bHANa792 aHansen, K 0aGrounds for play :bThe nautanki theatre of North India aNew DelhibManohar Publisherc1993  axvii, 367 p ., aSocial Science aSex aPolitical